00903nam a2200241Ia 4500001000600000003000900006008004100015040001300056040001300069041001300082100001900095100002900114245007200143245002700215250001100242260000900253260001200262260004900274300005700323500022500380650002500605650003100630G5312IT-RoPAU130308s9999 xx 000 0 und d aIT-RoPAU cIT-RoPAU aITALIANO aCimatti Felice gCodice Aut. SPICS: 53175 aPerchè i gatti hanno un passato ma non una storia (Nè progetti) bMemoria e I segni (La) a1a ed. aROMA bCarocci c2000 [1° Ed.:2000 - Ed.Ling.Originale:2000] a"19 p. (prefazione: no ; testo: 19 [pagine: 35-53])" aSulla relazione Fra Linguaggio, Tempo e Memoria. Felix Il Gatto: Essere senza Saperlo. I Tempi o Il Tempo della Mente? Leibniz contro Locke. Dai Tempi Alla Storia. futuro (E Passato) di Felix. Tempo Memoria e Linguaggio. aSAGGI DI LINGUISTICA eCodice materia Spics: 3207